Animal migration /

Bibliographic Details
Corporate Author: Society for Experimental Biology (Great Britain)
Other Authors: Aidley, David J.
Format: Book
Language:English
Published: Cambridge ; New York, N.Y. : Cambridge University Press, 1981.
Series:Seminar series (Society for Experimental Biology (Great Britain)) ; 13.
Subjects:

MARC

Tag First Indicator Second Indicator Subfields
LEADER 00000cam a22000008a 4500
001 in00000070424
005 20151008061737.0
008 810422s1981 enk b 10100 eng
010 |a  81003905  
020 |a 0521232740 
020 |a 0521298881 (pbk.) 
035 |a (OCoLC)07462150 
035 |9 AAJ8725AM 
039 0 |a 2  |b 3  |c 3  |d 3  |e 3 
040 |a DLC  |c DLC  |d CUS  |d TXA  |d UtOrBLW 
049 |a TXAM  |c [386970] 
050 0 0 |a QL754  |b .A55 
082 0 |a 591.52/5  |2 19 
245 0 0 |a Animal migration /  |c edited by D.J. Aidley. 
263 |a 8111 
264 1 |a Cambridge ;  |a New York, N.Y. :  |b Cambridge University Press,  |c 1981. 
300 |a 264 pages :  |b illustrations ;  |c 24 cm. 
336 |a text  |b txt  |2 rdacontent 
337 |a unmediated  |b n  |2 rdamedia 
338 |a volume  |b nc  |2 rdacarrier 
490 1 |a Seminar series ;  |v 13 
500 |a Proceedings of a Society for Experimental Biology seminar series symposium held in Lancaster, December 1979. 
504 |a Includes bibliographies and index. 
505 0 |a Questions about migration / D.G. Aidley -- The course and timing of bird migration / T. Alerstam -- Movements of fish in relation to water currents / G.P. Arnold -- The orientation and navigation of birds / W.R. Keeton -- The migration of whales / C.H. Lockyer and S.G. Brown -- Fish migration / F.R. Harden Jones -- Comparisons between migrant and non-migrant birds in Britain / R.J. O'Connor -- Ecological aspects of insect migration / T.R.E. Southwood -- The control of migrant pests / R.J.V. Joyce -- The conservation of migratory birds / G.V.T. Matthews -- Man and other vertebrates / R.R. Baker. 
650 0 |a Animal migration  |x Congresses. 
650 0 |a Animal behavior. 
700 1 |a Aidley, David J. 
710 2 |a Society for Experimental Biology (Great Britain) 
830 0 |a Seminar series (Society for Experimental Biology (Great Britain)) ;  |v 13. 
999 |a MARS 
999 f f |s 8602bd23-86d7-3712-aed3-04cfb4bf6a05  |i 6d88e2b3-22ad-3ade-af66-49e267001805  |t 0 
952 f f |p normal  |a Texas A&M University  |b College Station  |c Sterling C. Evans Library  |d Evans: Library Stacks  |t 0  |e QL754 .A55  |h Library of Congress classification  |i unmediated -- volume  |m A14806222372 
998 f f |a QL754 .A55  |t 0  |l Evans: Library Stacks